Spoločenský marketing
Príležitosti ale aj riziká vyplývajúce pre podnik z existencie ekologických problémov a prispôsobenie sa ich vplyvu na výrobu. Určujúce faktory intenzity konkurencie pri ekologickej výrobe. Východiská ekologicky orientovaného prístupu. Zhodnotenie výhod a nevýhod získavania surovín, výroby, predaja,...
Guardado en:
| Autor principal: | |
|---|---|
| Formato: | Capítulo de libro |
| Lenguaje: | eslovaco |
| Materias: | |
| Etiquetas: |
Sin Etiquetas, Sea el primero en etiquetar este registro!
|
MARC
| LEADER | 00000naa a2200000 4500 | ||
|---|---|---|---|
| 001 | r032884 | ||
| 005 | 20230626065506.4 | ||
| 041 | 0 | |a slo | |
| 044 | |a SK | ||
| 245 | 1 | 0 | |a Spoločenský marketing |c Eva Hanuláková |
| 520 | |a Príležitosti ale aj riziká vyplývajúce pre podnik z existencie ekologických problémov a prispôsobenie sa ich vplyvu na výrobu. Určujúce faktory intenzity konkurencie pri ekologickej výrobe. Východiská ekologicky orientovaného prístupu. Zhodnotenie výhod a nevýhod získavania surovín, výroby, predaja, spotreby a likvidácie ekologických výrobkov. Vzťah ekologických a ekonomických cieľov podniku. | ||
| 610 | 2 | 0 | |a marketing spoločenský |
| 610 | 2 | 0 | |a marketing |
| 610 | 2 | 0 | |a stratégia podniková |
| 610 | 2 | 0 | |a stratégia marketingová |
| 610 | 2 | 0 | |a podnik |
| 610 | 2 | 0 | |a ochrana prostredia životného |
| 610 | 2 | 0 | |a environmentalistika |
| 610 | 2 | 0 | |a výrobky ekologické |
| 610 | 2 | 0 | |a konkurencia |
| 610 | 2 | 0 | |a ciele podnikové |
| 610 | 2 | 0 | |a imidž |
| 100 | 1 | |a Hanuláková, Eva, 1964- | |